LEADER 00795nam a2200205 i 4500 001 000000155499 003 CaOOAMICUS 005 20061113000000.0 008 061113n it u000 u ita u 013 $a132851 040 $aSeMil$bita 100 1 $aSerra, Luigi.$0(OLS)http://semarc/name/59931 245 10$aStoria dell'arte italiana /$cLuigi Serra. 260 $aMilano [etc.] :$bFrancesco Vallardi,$c[19-?] 300 $aVIII, 558 p. :$bill. ;$c23 cm. 650 4$aArte - Italia - Storia.$0(OLS)http://semarc/subject/972 850 $aSeMil 852 $aSeMil$W1$xVenegono$y1$m5N VI 74$j107330$B107330$CSeMilBibl$Z2$F116734 $81 996 $6245$aStoria dell'arte italiana$9(OLS)http://semarc/title/8664 996 $6260$aMilano [etc.] :$bFrancesco Vallardi$9(OLS)http://semarc/publisher/36386 LEADER 01071nam a2200229 i 4500 001 000000232464 003 CaOOAMICUS 005 20140829000000.0 008 140829s1973 it u000 u fre u 013 $a211367 040 $aSeMil$bita 100 1 $aBertrand, Daniel Alain.$0(OLS)http://semarc/name/79820 245 13$aLe baptême de Jésus :$bhistorire de l'exégèse aux deux premiers siècles /$cpar Daniel Alain Bertrand. 260 $aTübingen :$bMohr Siebeck,$c1973. 300 $aXII, 161 p. ;$c24 cm. 490 0 $aBeiträge zur Geschichte der biblischen Exegese ;$v14 650 4$aGesù Cristo - Battesimo.$0(OLS)http://semarc/subject/12268 830 0$aBeiträge zur Geschichte der biblischen Exegese ;$v14.$0(OLS)http://semarc/title/40253 850 $aSeMil 852 $aSeMil$W1$xVenegono$y1$m2Z IV 203$j182810$B182810$CSeMilBibl$Z2$F193832 $81 996 $6245$aLe baptême de Jésus :$bhistorire de l'exégèse aux deux premiers siècles$9(OLS)http://semarc/title/331712 996 $6260$aTübingen :$bMohr Siebeck$9(OLS)http://semarc/publisher/30329